00348nam a2200157Ia 4500008004000000041000800040082001200048100001400060245003100074260003800105650001000143650001000153650001000163650001100173650000600184210210b1954 xxu||||| |||| 00| 0 eng d aeng a821/894 aIBSEN (H) aHedda Gabler & Other plays aNewyorkbDell Publishing Coc1954 aplays aOther aHedda aGabler a&